[Event "POL-chT 1st League 2020"]
[Site "Ustron"]
[Date "2020.09.08"]
[Round "4.14"]
[White "Butkiewicz, Lukasz"]
[Black "Pacan-Milej, Kosma"]
[Result "1/2-1/2"]
[WhiteElo "2393"]
[BlackElo "2420"]
[Annotator "TA"]
[PlyCount "88"]
[EventDate "2020.09.05"]
[EventType "team-tourn"]
[EventCountry "POL"]
[SourceTitle "playchess.com"]
[Source "ChessBase"]
[SourceQuality "1"]

{[%evp 15,88,35,71,44,52,52,81,33,33,35,54,32,41,42,59,0,92,85,135,132,144,138,145,153,151,150,188,169,192,34,46,25,34,34,34,25,37,38,79,0,20,9,142,81,92,0,0,0,60,0,108,71,92,94,196,0,0,0,0,0,0,-88,-36,-55,-54,-70,-8,-8,0,0,0,0,0,0,0]} 1. d4 Nf6 2. c4 c5 3. d5 b5 4. cxb5 a6 5. e3 g6 6. Nc3 Bg7 7. Nf3 O-O 8. a4 d6 9. Bd2 {A57: Benko/Volga Gambit.} Bb7 10. Qb3 Nbd7 11. e4 {[#] White is better.} c4 $146 {[%cal Rc4b3]} ({Predecessor:} 11... Ng4 12. bxa6 Bxa6 13. Bxa6 Rxa6 14. O-O Nge5 15. Nxe5 Nxe5 16. Nb5 Qd7 17. Bc3 Qg4 {1-0 (36) Kowalski,I (2146)-Gaj,S (1821) Ustron 2015}) 12. Bxc4 {Threatens to win with 0-0.} Nc5 13. Qc2 {Black must now prevent 0-0.} axb5 $1 14. Bxb5 {And now 0-0 would win.} Rc8 15. Bd3 ({White should play} 15. Qb1 $14) 15... Nxd3+ (15... e6 $1 $11 {keeps the balance.}) 16. Qxd3 $16 Nd7 17. O-O $1 Nc5 18. Qe3 Ba6 {[#]} 19. Rfb1 $1 Nb3 20. Ra3 Nxd2 21. Qxd2 Rc4 {[#]} 22. Re1 $2 (22. Nd1 $1 $18) 22... Qc7 23. Raa1 {[%cal Ba3a1,Ba1c1,Bc1c2,Bc2d2,Bd2e2][%mdl 32]} Qb8 24. Rac1 Rfc8 25. h3 h6 26. Rc2 R8c5 27. Qe3 (27. e5 $16) 27... Rb4 28. e5 Kh7 (28... Rxb2 $11 29. Rxb2 Qxb2 30. exd6 exd6 31. Qe8+ Bf8) 29. exd6 (29. Rd2 $142) 29... exd6 30. Qc1 (30. Rd2 $16) 30... Bd3 $11 31. Rd2 Bf5 (31... Be4 $11 32. Re3 Qb7) 32. Kh2 (32. Rde2 $14) 32... Qc8 (32... Rxa4 $1 $11 33. Re3 g5) 33. Rde2 Bf6 34. Qd2 Qb7 (34... g5 $16 {was called for.}) 35. Nb5 $2 ({Only move:} 35. g4 $18 Rxb2 36. Qxb2 Qxb2 37. Rxb2 Bxc3 38. Rb7 (38. gxf5 Bxb2 39. Rb1 Bc3 $11) 38... Bxe1 39. Nxe1 (39. gxf5 Bxf2 40. Kg2 Be3 $16)) 35... Rxb2 36. Qf4 Rxe2 37. Rxe2 Rxd5 38. g4 (38. Rd2 $11 {remains equal.}) 38... Bd3 (38... g5 $17 39. Qe3 Rd3) 39. Re3 Bg7 $1 40. Kg2 Be5 ({Better is} 40... g5 $15 41. Qb4 Be5) 41. Nxe5 {The position is equal.} Rxe5+ 42. Kh2 Bxb5 43. axb5 Rxb5 44. Qf6 {[#] Intending Re8 and mate.} Re5 $1 {[%mdl 512] Accuracy: White = 59%, Black = 61%.} 1/2-1/2

[Event "POL-chT 1st League 2020"]
[Site "Ustron"]
[Date "2020.09.08"]
[Round "4.15"]
[White "Licznerski, Lukasz"]
[Black "Luch, Michal"]
[Result "0-1"]
[WhiteElo "2377"]
[BlackElo "2389"]
[Annotator "TA"]
[PlyCount "62"]
[EventDate "2020.09.05"]
[EventType "team-tourn"]
[EventCountry "POL"]
[SourceTitle "playchess.com"]
[Source "ChessBase"]
[SourceQuality "1"]

{[%evp 17,62,48,47,39,33,-31,-33,-77,-66,-191,-192,-317,-306,-430,-296,-303,-292,-289,-318,-304,-201,-210,-153,-161,-168,-202,-198,-212,-191,-378,-370,-419,-416,-529,-508,-535,-524,-472,-449,-440,-414,-780,-772,-772,-772,-756,-750]} 1. e4 Nf6 2. e5 Nd5 3. d4 d6 4. c4 Nb6 5. exd6 cxd6 6. Nc3 g6 7. Be3 Bg7 8. Rc1 O-O 9. b3 Bf5 10. Be2 {now scores much better than the old 10.Nf3. B03: Alekhine's Defence: Four Pawns Attack.} d5 11. Bf3 (11. Nf3 $14) 11... Nc6 $15 12. c5 {[#]Black is slightly better.} e5 $1 {[%cal Re5d4] [#]} 13. dxe5 $146 {This costs White the game.} (13. Nge2 $1 $15) ({Predecessor:} 13. cxb6 exd4 14. Nxd5 dxe3 15. Nxe3 Qxb6 16. Nxf5 Rad8 17. Qe2 gxf5 18. Bxc6 bxc6 19. Qc2 Rfe8+ 20. Ne2 Qb4+ {0-1 (20) Reinwald,P (2231)-Grimm,D (2319) Austria 2016}) 13... Nd7 $19 14. Be2 (14. Kf1 {might work better.}) 14... Ndxe5 {...d4 is the strong threat.} 15. f4 (15. Nxd5 {was called for.} Be4 16. Nf4) 15... d4 {[%mdl 64] Double Attack} 16. fxe5 dxe3 17. Nf3 Qa5 18. O-O Nxe5 19. b4 Qxb4 {[#] White must now prevent ...Nxf3+.} 20. Nd5 Nxf3+ 21. Rxf3 Qh4 22. Rc4 Qd8 {Strongly threatening ...Be6.} 23. Rxf5 $2 (23. Rxe3 Be6 24. Rd3) 23... gxf5 24. Qd3 Re8 25. Rf4 Rc8 26. Rxf5 Rxc5 27. g3 Qa5 {Hoping for ...Rd8.} 28. Kg2 {and the idea Rg5! leaves White hopeful.} Qd2 29. Nf6+ (29. Kf3 $142 b6 30. Nf4) 29... Bxf6 $1 {Black is clearly winning.} 30. Rxc5 Qxd3 31. Bxd3 e2 {Accuracy: White = 32%, Black = 70%.} 0-1

[Event "POL-chT 1st League 2020"]
[Site "Ustron"]
[Date "2020.09.08"]
[Round "4.16"]
[White "Brodowski, Piotr"]
[Black "Godzwon, Iwo"]
[Result "0-1"]
[WhiteElo "2446"]
[BlackElo "2317"]
[Annotator "TA"]
[PlyCount "112"]
[EventDate "2020.09.05"]
[EventType "team-tourn"]
[EventCountry "POL"]
[SourceTitle "playchess.com"]
[Source "ChessBase"]
[SourceQuality "1"]

{[%evp 9,112,0,9,-8,4,4,16,0,22,19,8,9,8,-3,-3,-3,-6,-7,-14,-11,-20,-15,-17,-12,-7,-11,-11,0,1,0,0,0,7,11,17,-11,39,14,18,26,17,24,19,39,31,0,0,0,0,-39,-35,-27,-13,-13,-23,-9,-20,-22,0,0,0,-211,-207,-205,-195,-233,-228,-233,-222,-219,-223,-352,-285,-284,-235,-246,-252,-560,-553,-515,-489,-477,-474,-912,-900,-1018,-1018,-923,-447,-649,-944,-710,-619,-29997,-1273,-522,-477,-455,-410,-1326,-1209,-1184,-1184,-29997,-29998]} 1. d4 Nf6 2. Bg5 e6 3. Nd2 h6 4. Bh4 d5 5. e3 Nbd7 6. c3 {A45: Trompowsky Attack.} c5 7. Ngf3 Bd6 8. Bd3 {The position is equal.} b6 9. O-O O-O 10. Qe2 Bb7 {[#]} 11. Rad1 $146 ({Predecessor:} 11. e4 dxe4 12. Nxe4 Be7 13. Nxf6+ Bxf6 14. Bxf6 Qxf6 15. Be4 Bxe4 16. Qxe4 cxd4 17. Qxd4 Qxd4 18. Nxd4 {0-1 (55) Arkell,K (2450)-Sturua,Z (2556) Marianske Lazne 2016}) 11... Qc7 12. e4 {[#] Black must now prevent e5.} c4 13. Bb1 {And now e5 would win.} dxe4 14. Nxe4 Nxe4 15. Bxe4 Bxe4 16. Qxe4 Rae8 17. Bg3 Bxg3 18. hxg3 Rc8 19. Rfe1 Rfd8 20. Qh4 Nf8 21. Ne5 Rd5 22. Qe4 Rcd8 23. Qf3 b5 24. a4 bxa4 25. Ra1 f6 26. Ng4 Ra5 27. Ra2 Rb8 28. Rea1 a3 29. Rxa3 Rxa3 30. bxa3 Rb3 31. d5 Qb7 $36 {[%mdl 2048] Black is more active.} 32. Ne3 Rxc3 33. Qe4 $1 Qb2 34. Rd1 Qe2 {[#] aiming for ...Rxe3!} 35. Rb1 $2 {White is on the road to losing.} (35. Qd4 $11 {and White is okay.} Rd3 36. Rxd3 Qxd3 37. Qxd3 cxd3 38. Kf1) 35... Qd3 $19 36. Qxd3 cxd3 {[%mdl 4096] Endgame KRN-KRN} 37. Kf1 exd5 38. Nxd5 Rxa3 39. Ke1 Ne6 40. Rb7 (40. Rb8+ $142 Kh7 41. Rb2) 40... Ra1+ 41. Kd2 Ra2+ 42. Ke3 Nc5 43. Rc7 $2 (43. Rb8+ {is more resistant.} Kf7 44. Ra8) 43... Re2+ 44. Kf3 Ne6 45. Rd7 Ng5+ ({Weaker is} 45... Nd4+ 46. Kg4 $19) 46. Kg4 (46. Kf4 $142) 46... Rxf2 47. Ne7+ Kh7 48. Rxd3 Rxg2 (48... g6 $142 {( -> ...h5+)} 49. Rd6 Rf1 50. Rxf6 Rxf6) 49. Rd7 (49. Nd5 $142) 49... Rf2 50. Rxa7 Nf7 51. Nd5 h5+ (51... f5+ $142 52. Kh3 Ng5+ 53. Kh4 Rh2#) 52. Kxh5 Ne5 {[%cal Rf2h2]} 53. Nxf6+ Rxf6 54. g4 (54. Rc7 $142) 54... Rh6+ 55. Kg5 Rg6+ 56. Kh5 Nf3 {Accuracy: White = 58%, Black = 89%.} 0-1

[Event "POL-chT 1st League 2020"]
[Site "Ustron"]
[Date "2020.09.08"]
[Round "4.17"]
[White "Kowalczyk, Pawel"]
[Black "Skawinski, Arkadiusz"]
[Result "1/2-1/2"]
[WhiteElo "2339"]
[BlackElo "2384"]
[Annotator "TA"]
[PlyCount "58"]
[EventDate "2020.09.05"]
[EventType "team-tourn"]
[EventCountry "POL"]
[SourceTitle "playchess.com"]
[Source "ChessBase"]
[SourceQuality "1"]

{[%evp 13,58,-22,0,-12,-14,-3,28,28,28,28,21,29,71,45,50,46,114,73,282,122,133,121,95,81,72,38,191,198,210,215,217,197,201,170,200,148,129,133,126,0,0,0,0,0,0,0,0]} 1. d4 d5 2. Nf3 Nf6 3. c4 e6 4. Nc3 c6 5. g3 dxc4 6. Bg2 Nbd7 7. O-O b5 {[%cal Bb7b5,Bb5b4][%mdl 32]} 8. e4 {E01: Catalan: Early deviations.} b4 9. e5 bxc3 (9... Nd5 $5 {[%cal Rb4c3]} 10. Ne4 Be7 $11) 10. exf6 {White has an edge.} cxb2 11. fxg7 Bxg7 12. Bxb2 {[#]} Qa5 $146 ({Predecessor:} 12... Rb8 13. Qc1 O-O 14. Ne5 Nxe5 15. dxe5 c5 16. Rd1 Qe7 17. Bc3 Bb7 18. Bxb7 Qxb7 {½-½ (49) Lputian,S (2634)-Varga,Z (2495) Neum 2002}) 13. Qc2 {[%mdl 1024] White has strong compensation.} O-O 14. Rfe1 $36 {[%mdl 2048] Black is under pressure.} Ba6 ({Better is} 14... Rb8 $14) 15. Bc3 $16 Qc7 $2 (15... Qh5 $16 {was called for.}) 16. Re4 (16. Ng5 $18 {[%csl Gg5][%cal Rc2h7]} Nf6 17. d5 $1 {[%mdl 512]}) 16... Rfe8 17. Rae1 Rad8 18. Rh4 Nf8 19. Rh5 f6 $2 (19... Rd5 $1 $14 20. Ne5 Rb8) 20. Ra5 $18 Bb7 21. Rxa7 {Threatens to win with Rb1.} Ra8 {[#]} 22. Rxa8 $1 Rxa8 23. Bb4 c5 24. Qxc4 Bd5 25. Qxc5 Qb7 26. Nh4 (26. Qc3 $16) 26... Bxg2 $1 $11 {The position is equal.} 27. Nxg2 Rc8 $1 {[%cal Rc8c5]} 28. Qa5 {Hoping for Bxf8.} Ra8 29. Qc5 {Black must now prevent a3.} Rc8 $1 {Accuracy: White = 66%, Black = 64%.} 1/2-1/2

[Event "POL-chT 1st League 2020"]
[Site "Ustron"]
[Date "2020.09.08"]
[Round "4.18"]
[White "Przezdziecka, Ewa"]
[Black "Starosta, Martyna"]
[Result "1-0"]
[WhiteElo "2166"]
[BlackElo "2038"]
[Annotator "ChessBase"]
[PlyCount "69"]
[EventDate "2020.09.05"]
[EventType "team-tourn"]
[EventCountry "POL"]
[SourceTitle "playchess.com"]
[Source "ChessBase"]
[SourceQuality "1"]
[TimeControl "40/5400+30:1800+30"]

1. d4 {[%emt 0:00:00]} Nf6 {[%emt 0:00:00]} 2. c4 {[%emt 0:00:00]} g6 {[%emt 0:00:00]} 3. Nc3 {[%emt 0:00:00]} Bg7 {[%emt 0:00:36]} 4. e4 {[%emt 0:00:10]} d6 {[%emt 0:00:10]} 5. f3 {[%emt 0:00:07]} O-O {[%emt 0:05:07]} 6. Be3 {[%emt 0:00:27]} Nc6 {[%emt 0:00:49]} 7. Qd2 {[%emt 0:01:20]} a6 {[%emt 0:00:19]} 8. Bd3 {[%emt 0:03:41]} Nd7 {[%emt 0:09:24]} 9. Nge2 {[%emt 0:03:48]} e5 {[%emt 0:06:57]} 10. d5 {[%emt 0:07:27]} Nb4 {[%emt 0:03:48]} 11. Bb1 {[%emt 0:07:16]} a5 {[%emt 0:00:15]} 12. h4 {[%emt 0:25:36]} f5 {[%emt 0:06:59]} 13. Bg5 {[%emt 0:05:38]} Bf6 {[%emt 0:11:15]} 14. exf5 {[%emt 0:08:26]} gxf5 {[%emt 0:11:08]} 15. Bxf5 {[%emt 0:08:33]} Nb6 {[%emt 0:11:48]} 16. Bxc8 {[%emt 0:07:19]} Nxc4 {[%emt 0:13:29]} 17. Bxf6 {[%emt 0:04:20]} Qxf6 {[%emt 0:01:59]} 18. Qg5+ {[%emt 0:05:44]} Qxg5 {[%emt 0:02:06]} 19. Be6+ {[%emt 0:00:19]} Kg7 {[%emt 0:00:43]} 20. hxg5 {[%emt 0:00:06]} Nc2+ {[%emt 0:00:29]} 21. Kf2 {[%emt 0:03:01]} Nxa1 {[%emt 0:00:27]} 22. Rxa1 {[%emt 0:01:08]} Nxb2 {[%emt 0:02:33]} 23. Nb5 {[%emt 0:03:20]} a4 {[%emt 0:02:16]} 24. Nxc7 {[%emt 0:02:14]} Ra5 {[%emt 0:00:28]} 25. Bg4 {[%emt 0:00:30]} Kh8 {[%emt 0:02:25]} 26. Rh1 {[%emt 0:01:01]} Rf7 {[%emt 0:02:15]} 27. Ne6 {[%emt 0:00:39]} Kg8 {[%emt 0:02:34]} 28. Nc3 {[%emt 0:00:26]} Nd3+ {[%emt 0:00:39]} 29. Ke3 {[%emt 0:00:15]} Nf4 {[%emt 0:00:28]} 30. g3 {[%emt 0:00:53]} Nxd5+ {[%emt 0:02:46]} 31. Nxd5 {[%emt 0:00:05]} Rxd5 {[%emt 0:00:04]} 32. Rc1 {[%emt 0:00:38]} Re7 {[%emt 0:00:48]} 33. Rc8+ {[%emt 0:00:25]} Kf7 {[%emt 0:00:49]} 34. Rf8+ {[%emt 0:00:06]} Kg6 {[%emt 0:00:05]} 35. Rf6# {[%emt 0:00:05]} 1-0

[Event "POL-chT 1st League 2020"]
[Site "Ustron"]
[Date "2020.09.08"]
[Round "4.19"]
[White "Szpar, Milosz"]
[Black "Plichta, Kamil"]
[Result "1/2-1/2"]
[WhiteElo "2397"]
[BlackElo "2383"]
[Annotator "TA"]
[PlyCount "62"]
[EventDate "2020.09.05"]
[EventType "team-tourn"]
[EventCountry "POL"]
[SourceTitle "playchess.com"]
[Source "ChessBase"]
[SourceQuality "1"]

{[%evp 11,62,-4,0,-6,98,97,95,81,100,97,88,67,104,104,113,106,107,83,97,87,100,90,75,81,71,76,68,41,50,24,56,51,46,21,25,23,23,22,21,21,21,21,21,21,21,21,35,34,31,35,32,33,50]} 1. e4 e6 2. d4 d5 3. Nc3 Bb4 4. exd5 exd5 5. Bd3 Nf6 6. Bg5 O-O 7. Qf3 {[#] C01: French: Exchange Variation.} h6 $146 (7... Bg4 $11 {keeps the balance.} 8. Qg3 Bxc3+ 9. bxc3 Re8+ 10. Kf1 Nbd7) ({Predecessor:} 7... Qe8+ 8. Nge2 Bg4 9. Qe3 Nbd7 10. Qxe8 Rfxe8 11. f3 Bh5 12. Kf2 Bg6 13. Bxg6 hxg6 14. Rhe1 c6 {0-1 (42) Priyanka,K (2218)-Goryachkina,A (2582) chess.com INT 2020}) 8. Bxf6 $1 $16 Qxf6 9. Qxf6 {White is better.} gxf6 10. Nge2 c6 11. Ng3 Be6 12. O-O c5 13. Nh5 {Hoping for Nxd5!} Nd7 14. Bb5 Bxc3 15. bxc3 {[#] Black must now prevent Bxd7.} Bg4 16. Bxd7 Bxh5 17. dxc5 Rad8 18. Bh3 Rfe8 19. Rfb1 Re7 20. Rb5 Be2 21. Re1 Rde8 22. Rbb1 Ba6 23. Rxe7 Rxe7 $11 {[%mdl 4096] Endgame KRB-KRB} 24. g3 Rc7 25. Bf1 Rxc5 26. Bxa6 bxa6 {KR-KR} 27. Rb3 a5 28. Ra3 Kf8 29. Kf1 {White is slightly better.} a4 30. Rxa4 {c4 is the strong threat.} Rxc3 31. Rxa7 Rxc2 {Accuracy: White = 89%, Black = 79%.} 1/2-1/2

[Event "POL-chT 1st League 2020"]
[Site "Ustron"]
[Date "2020.09.08"]
[Round "4.20"]
[White "Lewtak, Damian"]
[Black "Mis, Mieszko"]
[Result "1/2-1/2"]
[WhiteElo "2377"]
[BlackElo "2350"]
[Annotator "TA"]
[PlyCount "84"]
[EventDate "2020.09.05"]
[EventType "team-tourn"]
[EventCountry "POL"]
[SourceTitle "playchess.com"]
[Source "ChessBase"]
[SourceQuality "1"]

{[%evp 15,84,-13,0,-8,5,4,15,0,0,-10,0,-18,0,-10,-7,0,0,-8,-15,-12,-8,-11,-8,-10,-4,-4,-9,-12,-8,-6,-6,-6,-2,-14,0,0,19,-35,-19,-72,-38,-50,-41,-51,-58,-69,-54,-51,-21,0,0,-14,0,-1,0,0,-5,-27,0,0,0,0,0,0,0,0,0,0,0,-17,-17]} 1. Nf3 Nf6 2. g3 d5 3. Bg2 e6 4. O-O Be7 5. d3 c5 6. Nbd2 Nc6 7. e4 Qc7 8. Re1 h6 9. c3 {C00: French: Unusual White 2nd moves.} b6 10. exd5 Nxd5 {[#]} 11. c4 $146 ({Predecessor:} 11. Nc4 Bb7 12. a4 Rd8 13. Qb3 Ba6 14. Nfe5 Nxe5 15. Nxe5 Bf6 16. a5 Bb7 17. axb6 axb6 {1-0 (76) Jansa,V (2495)-Marjanovic,S (2515) Nis 1983}) 11... Nf6 12. d4 Bb7 13. dxc5 Bxc5 14. Nb3 Bb4 15. Bf4 Qe7 16. Re2 (16. Nfd2 {seems wilder.} O-O 17. a3 Bd6 18. Bxd6 Qxd6 19. c5) 16... O-O 17. a3 Rfd8 18. Qc2 Bd6 19. Bxd6 Rxd6 20. c5 Rdd8 21. cxb6 axb6 22. Rd1 Rdc8 {[#] And now ...Na5 would win.} 23. Qd2 Na5 24. Nbd4 Ba6 25. Ree1 Nc4 26. Qc1 (26. Qc3 $11) 26... Bb7 $15 {[%cal Rc4a3]} 27. Re2 (27. Qc3 $11 {keeps the balance.}) 27... Be4 (27... Nxa3 $5 {[%cal Rc8c1]} 28. Qf4 Nd5 $17) 28. Qf4 Qb7 29. Ne1 {[%cal Re2e4]} Bxg2 30. Nxg2 e5 31. Qf3 Qd7 {[%mdl 64] [#] Pin} (31... e4 $5 {[%cal Re4f3]} 32. Qf4 Rc5 $11) 32. Rc2 $1 $36 {[%mdl 2048] White is pushing.} Nxb2 33. Rxb2 {Hoping for Nb5.} exd4 34. Rxb6 Nd5 35. Rb3 Ra4 36. Nh4 Qe6 37. Nf5 {Strongly threatening Qxd5!The position is equal.} Nc3 38. Qg4 $1 {[%csl Gf5][%cal Rg4g7]} g6 39. Ne7+ $1 Kg7 40. Qxe6 fxe6 41. Nxc8 Nxd1 42. Nb6 Ra6 {Accuracy: White = 93%, Black = 84%.} 1/2-1/2

[Event "POL-chT 1st League 2020"]
[Site "Ustron"]
[Date "2020.09.08"]
[Round "4.21"]
[White "Kozak, Antoni"]
[Black "Budrewicz, Krzysztof"]
[Result "0-1"]
[WhiteElo "2347"]
[BlackElo "2227"]
[Annotator "ChessBase"]
[PlyCount "112"]
[EventDate "2020.09.05"]
[EventType "team-tourn"]
[EventCountry "POL"]
[SourceTitle "playchess.com"]
[Source "ChessBase"]
[SourceQuality "1"]
[TimeControl "40/5400+30:1800+30"]

1. d4 {[%emt 0:00:00]} Nf6 {[%emt 0:00:29]} 2. c4 {[%emt 0:00:00]} g6 {[%emt 0:00:17]} 3. Nc3 {[%emt 0:00:00]} Bg7 {[%emt 0:00:16]} 4. e4 {[%emt 0:00:04]} d6 {[%emt 0:00:14]} 5. Nf3 {[%emt 0:00:05]} O-O {[%emt 0:00:28]} 6. h3 {[%emt 0:00:04]} c5 {[%emt 0:02:46]} 7. d5 {[%emt 0:00:26]} a6 {[%emt 0:00:26]} 8. a4 {[%emt 0:09:04]} e6 {[%emt 0:00:40]} 9. Bd3 {[%emt 0:00:05]} Nbd7 {[%emt 0:01:39]} 10. Be3 {[%emt 0:01:38]} e5 {[%emt 0:10:10]} 11. g4 {[%emt 0:00:33]} Kh8 {[%emt 0:02:54]} 12. Nd2 {[%emt 0:02:38]} Ng8 {[%emt 0:00:26]} 13. h4 {[%emt 0:01:05]} Ndf6 {[%emt 0:04:40]} 14. Be2 {[%emt 0:01:19]} Ne8 {[%emt 0:01:20]} 15. Nf1 {[%emt 0:18:19]} f5 {[%emt 0:05:46]} 16. h5 {[%emt 0:01:28]} f4 {[%emt 0:04:00]} 17. hxg6 {[%emt 0:00:05]} Ne7 {[%emt 0:02:18]} 18. Rxh7+ {[%emt 0:07:59]} Kg8 {[%emt 0:00:04]} 19. Bc1 {[%emt 0:00:04]} Nxg6 {[%emt 0:01:25]} 20. Rh3 {[%emt 0:02:48]} Nf6 {[%emt 0:03:06]} 21. f3 {[%emt 0:09:02]} Bd7 {[%emt 0:04:17]} 22. a5 {[%emt 0:07:27]} b6 {[%emt 0:00:34]} 23. axb6 {[%emt 0:00:07]} Qxb6 {[%emt 0:00:07]} 24. Ra3 {[%emt 0:01:27]} Nh8 {[%emt 0:02:06]} 25. Qd3 {[%emt 0:05:08]} Nf7 {[%emt 0:00:50]} 26. Bd1 {[%emt 0:00:02]} Ng5 {[%emt 0:00:26]} 27. Rh2 {[%emt 0:00:05]} Kf7 {[%emt 0:09:30]} 28. b3 {[%emt 0:00:07]} Rg8 {[%emt 0:10:09]} 29. Raa2 {[%emt 0:01:05]} Bf8 {[%emt 0:00:22]} 30. Kd2 {[%emt 0:07:30]} Be7 {[%emt 0:00:19]} 31. Kc2 {[%emt 0:00:06]} Rab8 {[%emt 0:02:02]} 32. Kb1 {[%emt 0:00:37]} Rh8 {[%emt 0:00:27]} 33. Rxh8 {[%emt 0:00:25]} Rxh8 {[%emt 0:00:06]} 34. Rh2 {[%emt 0:00:03]} Rxh2 {[%emt 0:05:13]} 35. Nxh2 {[%emt 0:00:06]} Qb8 {[%emt 0:00:12]} 36. Qe2 {[%emt 0:06:41]} Qh8 {[%emt 0:01:31]} 37. Qg2 {[%emt 0:02:19]} Bd8 {[%emt 0:00:11]} 38. Bd2 {[%emt 0:14:47]} Ba5 {[%emt 0:01:42]} 39. Be1 {[%emt 0:00:16]} Bb4 {[%emt 0:04:02]} 40. Nf1 {[%emt 0:00:00]} Kg6 {[%emt 0:00:00]} 41. Kc2 {[%emt 0:08:15]} a5 {[%emt 0:10:28]} 42. Kd3 {[%emt 0:00:34]} Qb8 {[%emt 0:09:09]} 43. Qh2 {[%emt 0:01:50]} a4 {[%emt 0:02:17]} 44. bxa4 {[%emt 0:12:09]} Bxc3 {[%emt 0:00:56]} 45. Bxc3 {[%emt 0:00:04]} Bxa4 {[%emt 0:00:26]} 46. Bxa4 {[%emt 0:07:34]} Qb1+ {[%emt 0:00:08]} 47. Ke2 {[%emt 0:00:06]} Nxf3 {[%emt 0:11:12]} 48. Nd2 {[%emt 0:01:43]} Ng1+ {[%emt 0:06:28]} 49. Kf2 {[%emt 0:00:40]} Nxg4+ {[%emt 0:00:14]} 50. Kg2 {[%emt 0:00:03]} Qe1 {[%emt 0:01:23]} 51. Qxg1 {[%emt 0:04:49]} Qg3+ {[%emt 0:00:06]} 52. Kf1 {[%emt 0:00:02]} Ne3+ {[%emt 0:00:10]} 53. Qxe3 {[%emt 0:00:02]} fxe3 {[%emt 0:00:27]} 54. Ke2 {[%emt 0:00:04]} Qf2+ {[%emt 0:00:14]} 55. Kd3 {[%emt 0:00:04]} e2 {[%emt 0:00:56]} 56. Bb5 {[%emt 0:01:50]} e1=N# 0-1

[Event "POL-chT 1st League 2020"]
[Site "Ustron"]
[Date "2020.09.08"]
[Round "4.22"]
[White "Reza, Wojciech"]
[Black "Chyzy, Jakub"]
[Result "1-0"]
[WhiteElo "2273"]
[BlackElo "2249"]
[Annotator "ChessBase"]
[PlyCount "77"]
[EventDate "2020.09.05"]
[EventType "team-tourn"]
[EventCountry "POL"]
[SourceTitle "playchess.com"]
[Source "ChessBase"]
[SourceQuality "1"]
[TimeControl "40/5400+30:1800+30"]

1. d4 {[%emt 0:00:21]} Nf6 {[%emt 0:00:00]} 2. c4 {[%emt 0:00:08]} d6 {[%emt 0:00:00]} 3. Nf3 {[%emt 0:00:38]} Nbd7 {[%emt 0:00:00]} 4. Nc3 {[%emt 0:00:38]} e5 {[%emt 0:00:00]} 5. e4 {[%emt 0:00:39]} g6 {[%emt 0:00:06]} 6. Be2 {[%emt 0:00:51]} Bg7 {[%emt 0:00:23]} 7. O-O {[%emt 0:01:18]} O-O {[%emt 0:00:30]} 8. Be3 {[%emt 0:01:14]} c6 {[%emt 0:00:42]} 9. d5 {[%emt 0:02:26]} c5 {[%emt 0:00:38]} 10. Ne1 {[%emt 0:02:18]} Kh8 {[%emt 0:01:46]} 11. Nd3 {[%emt 0:22:31]} Ng8 {[%emt 0:01:54]} 12. b4 {[%emt 0:10:51]} b6 {[%emt 0:04:46]} 13. a4 {[%emt 0:23:06]} a5 {[%emt 0:08:24]} 14. bxa5 {[%emt 0:04:06]} bxa5 {[%emt 0:00:29]} 15. Nb5 {[%emt 0:03:13]} Ra6 {[%emt 0:07:07]} 16. Ra2 {[%emt 0:09:57]} f5 {[%emt 0:02:41]} 17. exf5 {[%emt 0:00:17]} gxf5 {[%emt 0:04:52]} 18. f4 {[%emt 0:00:26]} Re8 {[%emt 0:10:46]} 19. Bh5 {[%emt 0:07:14]} Re7 {[%emt 0:01:23]} 20. fxe5 {[%emt 0:04:04]} Nxe5 {[%emt 0:00:10]} 21. Bg5 {[%emt 0:02:33]} Bf6 {[%emt 0:11:01]} 22. Nxe5 {[%emt 0:00:42]} Rxe5 {[%emt 0:03:20]} 23. Bf4 {[%emt 0:00:41]} Re4 {[%emt 0:01:10]} 24. Re2 {[%emt 0:00:44]} Bg7 {[%emt 0:08:13]} 25. Rxe4 {[%emt 0:00:44]} fxe4 {[%emt 0:00:04]} 26. Bg4 {[%emt 0:00:28]} Bd7 {[%emt 0:00:29]} 27. Bxd7 {[%emt 0:00:41]} Qxd7 {[%emt 0:00:01]} 28. Qe1 {[%emt 0:00:37]} Qe7 {[%emt 0:00:47]} 29. Qg3 {[%emt 0:00:11]} Bd4+ {[%emt 0:02:38]} 30. Kh1 {[%emt 0:00:01]} e3 {[%emt 0:01:23]} 31. Re1 {[%emt 0:01:10]} Ra8 {[%emt 0:03:55]} 32. Bxd6 {[%emt 0:00:19]} Qg7 {[%emt 0:07:21]} 33. Nxd4 {[%emt 0:00:22]} cxd4 {[%emt 0:00:13]} 34. Be5 {[%emt 0:00:31]} Nf6 {[%emt 0:00:01]} 35. Bxd4 {[%emt 0:00:48]} Rc8 {[%emt 0:01:00]} 36. c5 {[%emt 0:00:25]} Rf8 {[%emt 0:02:21]} 37. Qxg7+ {[%emt 0:00:30]} Kxg7 {[%emt 0:00:02]} 38. Rxe3 {[%emt 0:00:12]} Rb8 {[%emt 0:00:31]} 39. h3 {[%emt 0:00:43]} 1-0